=LDR 00000nam 2200000 4500 =001 INLIS000000000046929 =005 20150608154332.0 =006 =007 =008 =020 ##$$a 979-3191-91-0 =035 ##$$0010-061500000000018 =040 ##$$a Ind =082 ##$$a 615.908 =090 ##$$a 615.908 $b Pus =100 ##$$a Puspita sari =245 ##$$a Sehat & Cantik =250 ##$$a cet.I =260 ##$$a Jaksel $b Suka Buku $c 2012 =850 ##$$a NBPDMAT =990 ##$$a 0330/BPAP-NTB/2015